00231nam a2200097Ia 4500008004100000082001400041100001700055245002800072260001800100600001500118241002s9999 xx 000 0 und d a170.8 ROG aRogers R.A.P 0aShort History of Ethics aLondon:c1945 aPhilosophy